Winnie the Pooh All Characters - Statistics

General Stats
  • This quiz has been taken 119 times
  • The average score is 9 of 14
Answer Stats
Hint Answer % Correct
"Oh bother." Winnie the Pooh
100%
"TTFN (Ta ta for now)." Tigger
97%
"Oh d-d-dear!" Piglet
94%
Son of above Roo
94%
Human Boy Christopher Robin
92%
Only female animal Kanga
91%
Carrot Farmer Rabbit
91%
Lives in a treehouse Owl
90%
Depressed Donkey Eeyore
88%
Heffalump
42%
The enemies Woozle
30%
Human Girl Darby
13%
Dog of above Buster
10%
Hes "Not in the book." Gofer
10%
No matching quizzes found
Score Distribution
Percent of People with Each Score
Percentile by Number Answered
Your Score History
You have not taken this quiz